Five Biggest Cities by Continent by Letter - U - Statistics

General Stats
  • This quiz has been taken 294 times
  • The average score is 7 of 28
Answer Stats
Population Country City % Correct
1,145,000 Mongolia Ulan Bator
94%
343,000 Netherlands Utrecht
79%
2,853,000 China Ürumqi
72%
1,116,000 Russia Ufa
68%
215,000 Sweden Uppsala
65%
123,000 Germany Ulm
49%
1,167,000 South Korea Ulsan
49%
625,000 Russia Ulyanovsk
35%
61,000 USA Utica
25%
75,000 USA Union City (CA)
23%
69,000 USA Union City (NJ)
23%
427,000 Nigeria Uyo
21%
658,000 Brazil Uberlândia
20%
77,000 USA Upland
19%
40,000 New Zealand Upper Hutt
14%
109,000 Brazil Ubá
12%
321,000 Brazil Uberaba
10%
736,000 Iran Urmia
9%
279,000 Mexico Uruapan
9%
516,000 Japan Utsunomiya
8%
235,000 D. R. Congo Uvira
7%
243,000 South Africa Uitenhage
4%
359,000 Nigeria Umuahia
4%
187,000 Nigeria Ugep
3%
15,000 Australia Ulladulla
3%
121,000 Brazil Uruguaiana
3%
15,000 Australia Ulverstone
2%
102,000 Brazil Umuarama
2%
No matching quizzes found
Score Distribution
Percent of People with Each Score
Percentile by Number Answered
Your Score History
You have not taken this quiz